000
00348 a2200169 4500
001
186147
020
_a
85-08-044095-X
040
_c
Magnum
100
_a
Marques, Amadeu
240
1
0
_a
More than words
_l
ING
245
1
0
_a
More than words
300
_a
32
362
0
_a
1993
440
1
_a
Ática
697
_a
LITERATURA INGLESA
942
_c
BK
999
_c
186147
_d
186147